| 000 | 00345nam a22001337a 4500 | ||
|---|---|---|---|
| 008 | 230717b xxu||||| |||| 00| 0 eng d | ||
| 082 |
_a370 _bTED |
||
| 100 | _cJulius Carlos Tedesco | ||
| 245 |
_aProspects _bQuarterly review of comparative education |
||
| 260 |
_bUNESCO _c1995 |
||
| 300 | _a344p | ||
| 440 |
_n2 _vXXV _x03043053 |
||
| 942 |
_2ddc _cBK |
||
| 999 |
_c3985 _d3985 |
||